[Event "M5"]
[Site "Koge"]
[Date "2004.??.??"]
[Round "1"]
[White "Hald, Jens Erik"]
[Black "Knudsen, Joachim Holm"]
[Result "0-1"]
[WhiteElo "1951"]
[BlackElo "1952"]
[PlyCount "154"]
[EventDate "2004.04.08"]
[EventType "swiss"]
[EventRounds "5"]
[EventCountry "DEN"]

1. Nf3 Nf6 2. g3 g6 3. Bg2 Bg7 4. d3 O-O 5. e4 d6 6. O-O c6 7. Nc3 e5 8. h3 Nh5
9. Be3 Nd7 10. Nh2 Qe8 11. Bf3 Ndf6 12. Ng4 Qe6 13. Bh6 Ne8 14. Qd2 f5 15. Bxg7
Nhxg7 16. Nh2 fxe4 17. Bg4 Qe7 18. dxe4 Bxg4 19. hxg4 Ne6 20. Rad1 Rd8 21. Qe3
Nd4 22. Rd2 Nc7 23. Ne2 Nxe2+ 24. Rxe2 a6 25. Rd1 g5 26. Kg2 h6 27. Qb3+ Ne6
28. Nf1 Kh7 29. c3 Qf7 30. Nh2 Rd7 31. Qc2 Qg6 32. Nf3 Rdf7 33. Ne1 Nc7 34.
Rdd2 Qe6 35. f3 Kg7 36. b3 Ne8 37. Qd1 Rf6 38. Re3 Qf7 39. Red3 h5 40. gxh5
Qxh5 41. g4 Qh4 42. Kg1 Rh8 43. Rg2 Qh1+ 44. Kf2 Rf4 45. Nc2 Rxf3+ 46. Qxf3 Rf8
47. Ne1 Rxf3+ 48. Rxf3 Nf6 49. Re3 d5 50. exd5 cxd5 51. Rxe5 Nxg4+ 52. Rxg4
Qh2+ 53. Rg2 Qxe5 54. Nf3 Qe4 55. Rxg5+ Kf6 56. Re5 Qc2+ 57. Re2 Qxc3 58. Rd2
Ke6 59. Ke2 Kd6 60. Rd3 Qc2+ 61. Rd2 Qe4+ 62. Kf2 Kc5 63. Re2 Qf4 64. Rc2+ Kb4
65. Rd2 Qf5 66. Re2 d4 67. Re5 Qc2+ 68. Re2 d3 69. Rxc2 dxc2 70. Ne1 Kc3 71.
Nxc2 Kxc2 72. Ke2 Kb2 73. Kd2 Kxa2 74. Kc3 Ka3 75. Kc4 b5+ 76. Kc3 a5 77. Kc2
b4 0-1

[Event "M5"]
[Site "Koge"]
[Date "2004.??.??"]
[Round "1"]
[White "Jacobsen, Hans Endrup"]
[Black "Hansen, Morten Lyck"]
[Result "1-0"]
[WhiteElo "1997"]
[BlackElo "1988"]
[PlyCount "171"]
[EventDate "2004.04.08"]
[EventType "swiss"]
[EventRounds "5"]
[EventCountry "DEN"]

1. e4 c6 2. d4 d5 3. Nc3 dxe4 4. Nxe4 Bf5 5. Ng3 Bg6 6. Nf3 Nd7 7. Bd3 Bxd3 8.
Qxd3 e6 9. O-O Ngf6 10. b3 Be7 11. Bb2 O-O 12. Rad1 Qc7 13. c4 Rad8 14. Qc2
Rfe8 15. Rfe1 c5 16. a3 cxd4 17. Nxd4 a6 18. Qe2 Nf8 19. Nf3 Ng6 20. Ne4 Nxe4
21. Qxe4 Rxd1 22. Rxd1 Rd8 23. Rxd8+ Qxd8 24. Qc2 Bf6 25. Bxf6 Qxf6 26. Qd1 h6
27. g3 Qe7 28. b4 Qc7 29. Qd4 Qc6 30. Qd3 Qc7 31. h4 Ne5 32. Nxe5 Qxe5 33. c5
Qc7 34. h5 Qe5 35. Qf3 Qc7 36. Qe4 Qd7 37. Kg2 Qc7 38. Kf3 Qd7 39. Ke2 Qb5+ 40.
Ke3 Qd7 41. Qd4 Qa4 42. Qd8+ Kh7 43. Qd3+ Kg8 44. g4 Qe8 45. Qd6 Qb5 46. Qd8+
Kh7 47. Qd3+ Kg8 48. Qxb5 axb5 49. Kd4 Kf8 50. c6 bxc6 51. Kc5 g5 52. Kxc6 f5
53. f3 e5 54. a4 bxa4 55. b5 a3 56. b6 a2 57. b7 a1=Q 58. b8=Q+ Kg7 59. Qc7+
Kg8 60. Qd8+ Kg7 61. Qe7+ Kg8 62. Qe8+ Kg7 63. Qg6+ Kf8 64. Qxh6+ Kf7 65. Qg6+
Kf8 66. Qxf5+ Ke8 67. Qg6+ Kf8 68. Qf6+ Ke8 69. Qxg5 Qa6+ 70. Kd5 Qb5+ 71. Ke6
Qc6+ 72. Kxe5 Qc5+ 73. Kf6 Qf8+ 74. Ke6 Qf7+ 75. Kd6 Qd7+ 76. Kc5 Qc7+ 77. Kd4
Qd6+ 78. Qd5 Qb4+ 79. Ke5 Qb8+ 80. Kf5 Kf8 81. Qc6 Qb1+ 82. Kg5 Qb8 83. Qf6+
Kg8 84. f4 Qc8 85. h6 Qc5+ 86. Qe5 1-0

[Event "M5"]
[Site "Koge"]
[Date "2004.??.??"]
[Round "1"]
[White "Bogdanov, Dimitri"]
[Black "Christensen, Thomas"]
[Result "1/2-1/2"]
[WhiteElo "2057"]
[BlackElo "2269"]
[PlyCount "60"]
[EventDate "2004.04.08"]
[EventType "swiss"]
[EventRounds "5"]
[EventCountry "DEN"]

1. e4 c6 2. d4 d5 3. exd5 Qxd5 4. c4 Qd6 5. Nc3 Bf5 6. Nge2 Nf6 7. Bf4 Qb4 8.
Ng3 Bg6 9. Qd2 e6 10. h4 h6 11. h5 Bh7 12. a3 Qb3 13. Rc1 Nbd7 14. Be2 Qb6 15.
O-O Be7 16. d5 Nc5 17. Rce1 Qb3 18. Qe3 Nfd7 19. dxe6 Nxe6 20. Bg4 Qxc4 21.
Bxe6 fxe6 22. Qxe6 Qxe6 23. Rxe6 Nc5 24. Re3 Kf7 25. Nge4 Nxe4 26. Nxe4 Rad8
27. Rfe1 Rhe8 28. Bc7 Rc8 29. Nd6+ Bxd6 30. Bxd6 Rxe3 1/2-1/2

[Event "M5"]
[Site "Koge"]
[Date "2004.??.??"]
[Round "1"]
[White "Jensen, Soren G"]
[Black "Bonnez, Finn"]
[Result "1/2-1/2"]
[WhiteElo "1993"]
[BlackElo "2069"]
[PlyCount "86"]
[EventDate "2004.04.08"]
[EventType "swiss"]
[EventRounds "5"]
[EventCountry "DEN"]

1. d4 d5 2. c4 e6 3. Nc3 Nf6 4. cxd5 exd5 5. Bg5 c6 6. e3 Bf5 7. Qf3 Bg6 8.
Bxf6 Qxf6 9. Qxf6 gxf6 10. O-O-O Bb4 11. Bd3 O-O 12. Nge2 Nd7 13. Nf4 Bxd3 14.
Nxd3 Bd6 15. Kb1 Rfe8 16. Rc1 Kg7 17. Rc2 f5 18. g3 Nf6 19. Rhc1 Ne4 20. Na4
Re7 21. Nac5 Kf6 22. h4 Kg6 23. Nf4+ Bxf4 24. gxf4 Nxc5 25. Rg1+ Kh6 26. Rxc5
f6 27. b4 Rd8 28. a4 Rdd7 29. b5 cxb5 30. axb5 Rg7 31. Rxg7 Kxg7 32. Kc2 Kf7
33. Kd3 Ke6 34. Rc8 Rg7 35. Rh8 Kd6 36. Ra8 Kc7 37. Rxa7 Rg4 38. Ra8 Rxh4 39.
Rf8 Rh6 40. Rf7+ Kb6 41. Kc3 Kxb5 42. Rxb7+ Kc6 43. Ra7 Kb6 1/2-1/2

[Event "M5"]
[Site "Koge"]
[Date "2004.??.??"]
[Round "1"]
[White "Hansen, Jesper Maul"]
[Black "Hejberg, Carsten"]
[Result "1-0"]
[WhiteElo "2052"]
[BlackElo "1897"]
[PlyCount "81"]
[EventDate "2004.04.08"]
[EventType "swiss"]
[EventRounds "5"]
[EventCountry "DEN"]

1. e4 d6 2. d4 Nf6 3. Nc3 c6 4. Nf3 Bg4 5. Be2 e6 6. O-O Be7 7. h3 Bxf3 8. Bxf3
d5 9. Bf4 O-O 10. Qd3 dxe4 11. Nxe4 Nbd7 12. c4 Nxe4 13. Bxe4 Nf6 14. Bf3 h6
15. Rad1 Bd6 16. Be5 Qe7 17. Rfe1 Rfd8 18. Qe3 Bxe5 19. dxe5 Nd7 20. Rd4 Nb6
21. Red1 Rxd4 22. Qxd4 Rc8 23. Be4 g6 24. b3 Rc7 25. Qe3 Kg7 26. Rd6 Nc8 27.
Qd3 Qg5 28. Qd4 Qc1+ 29. Kh2 c5 30. Qd2 Qa1 31. f4 Nxd6 32. exd6 Rd7 33. Bxb7
Qd4 34. Qxd4+ cxd4 35. c5 d3 36. Bf3 d2 37. b4 a6 38. a4 Kf8 39. Kg3 Rb7 40. c6
Rxb4 41. c7 1-0

[Event "M5"]
[Site "Koge"]
[Date "2004.??.??"]
[Round "1"]
[White "Laursen, Niels Norskov"]
[Black "Schmidt, Tommy B"]
[Result "1/2-1/2"]
[WhiteElo "2050"]
[BlackElo "2108"]
[PlyCount "50"]
[EventDate "2004.04.08"]
[EventType "swiss"]
[EventRounds "5"]
[EventCountry "DEN"]

1. e4 c5 2. Nf3 d6 3. d4 cxd4 4. Nxd4 Nf6 5. Nc3 a6 6. Bg5 e6 7. f4 Nc6 8. Qd2
h6 9. Bxf6 Qxf6 10. Nf3 Qd8 11. O-O-O Be7 12. Kb1 Qc7 13. g4 Bd7 14. h4 O-O-O
15. Rg1 Kb8 16. g5 hxg5 17. hxg5 g6 18. Bc4 Na5 19. Bb3 Bc8 20. Rh1 Qc5 21. Na4
Nxb3 22. axb3 Qa7 23. Nc3 Qc5 24. Na4 Qa7 25. Nc3 Qc5 1/2-1/2

[Event "M5"]
[Site "Koge"]
[Date "2004.??.??"]
[Round "1"]
[White "Nohr, Finn"]
[Black "Dongart, Dennis"]
[Result "1/2-1/2"]
[WhiteElo "1955"]
[BlackElo "2118"]
[PlyCount "24"]
[EventDate "2004.04.08"]
[EventType "swiss"]
[EventRounds "5"]
[EventCountry "DEN"]

1. e4 c6 2. d4 d5 3. exd5 cxd5 4. c4 Nf6 5. Nc3 e6 6. Nf3 Be7 7. cxd5 Nxd5 8.
Bd3 Nc6 9. O-O O-O 10. Re1 Bf6 11. a3 Nxc3 12. bxc3 b6 1/2-1/2

[Event "M5"]
[Site "Koge"]
[Date "2004.??.??"]
[Round "2"]
[White "Pallesen, Jacob"]
[Black "Jensen, Soren G"]
[Result "1/2-1/2"]
[WhiteElo "1969"]
[BlackElo "1993"]
[PlyCount "48"]
[EventDate "2004.04.08"]
[EventType "swiss"]
[EventRounds "5"]
[EventCountry "DEN"]

1. d4 Nf6 2. Bg5 e6 3. e4 h6 4. Bxf6 Qxf6 5. Nf3 d6 6. Nc3 Nd7 7. Be2 g6 8. O-O
Bg7 9. Qd2 O-O 10. Nb5 Qd8 11. c4 a6 12. Nc3 e5 13. d5 f5 14. b4 f4 15. Ne1 Qh4
16. Nd3 g5 17. f3 Nf6 18. h3 Bxh3 19. gxh3 Qg3+ 20. Kh1 Qxh3+ 21. Kg1 Qg3+ 22.
Kh1 Qh3+ 23. Kg1 Qg3+ 24. Kh1 Qh3+ 1/2-1/2

[Event "M5"]
[Site "Koge"]
[Date "2004.??.??"]
[Round "2"]
[White "Christensen, Thomas"]
[Black "Hansen, Jesper Maul"]
[Result "1-0"]
[WhiteElo "2269"]
[BlackElo "2052"]
[PlyCount "67"]
[EventDate "2004.04.08"]
[EventType "swiss"]
[EventRounds "5"]
[EventCountry "DEN"]

1. c4 Nf6 2. Nf3 e6 3. g3 c5 4. Bg2 Nc6 5. O-O d5 6. b3 Be7 7. e3 O-O 8. d4
cxd4 9. exd4 Ne4 10. Bb2 Bf6 11. Nbd2 Qa5 12. Nxe4 dxe4 13. Ne1 Nxd4 14. Bxd4
Rd8 15. Nc2 e5 16. Bxe4 exd4 17. Qd3 Qh5 18. Rfe1 Bg4 19. Bxb7 Rab8 20. Be4 Rb6
21. f3 Bh3 22. Re2 Be5 23. f4 Bxf4 24. gxf4 Qg4+ 25. Kh1 f5 26. Bg2 Bxg2+ 27.
Rxg2 Qxf4 28. c5 Re6 29. Qc4 Qe4 30. Re1 Kf8 31. Rxe4 Rxe4 32. Rf2 g6 33. Qd3
Kg7 34. b4 1-0

[Event "M5"]
[Site "Koge"]
[Date "2004.??.??"]
[Round "2"]
[White "Bonnez, Finn"]
[Black "Laursen, Niels Norskov"]
[Result "0-1"]
[WhiteElo "2069"]
[BlackElo "2050"]
[PlyCount "138"]
[EventDate "2004.04.08"]
[EventType "swiss"]
[EventRounds "5"]
[EventCountry "DEN"]

1. d4 Nf6 2. Nf3 g6 3. e3 Bg7 4. Bd3 d6 5. Nbd2 Nbd7 6. O-O O-O 7. c3 e5 8. Re1
Re8 9. e4 c6 10. b3 d5 11. exd5 Nxd5 12. Bb2 exd4 13. Rxe8+ Qxe8 14. cxd4 Nf8
15. h3 Nf4 16. Bf1 Bf5 17. Nc4 Rd8 18. Qd2 Nd5 19. Re1 Qd7 20. Nce5 Qc7 21. b4
a6 22. a3 Be6 23. Bc1 Qd6 24. Nc4 Qc7 25. Rd1 Bc8 26. g3 Ne6 27. Bb2 Qe7 28.
Bg2 Bf6 29. Ne3 Nxe3 30. Qxe3 Qc7 31. Kh2 Qd6 32. Bf1 Nc7 33. Bg2 Be6 34. Qh6
Bg7 35. Qh4 Bd5 36. Qf4 Qxf4 37. gxf4 Ne6 38. f5 Nf4 39. fxg6 hxg6 40. Kg3 Nxg2
41. Kxg2 Kf8 42. Kg3 Bxf3 43. Kxf3 Rd5 44. Rd3 Ke7 45. Ke4 f5+ 46. Kf4 Bf6 47.
Ke3 Rd8 48. Kd2 Ke6 49. Rg3 g5 50. Kd3 f4 51. Rg1 Kd5 52. Rc1 b6 53. Ke2 Rh8
54. Kf3 Rxh3+ 55. Kg4 Rd3 56. Rc2 Bxd4 57. Bxd4 Rxd4 58. Kxg5 c5 59. bxc5 bxc5
60. Rc3 c4 61. Rc1 Ke4 62. Kg4 Kd3 63. Rd1+ Kc3 64. Rb1 a5 65. Kf3 Kd2 66. Rb2+
Kd3 67. Rb1 c3 68. Rd1+ Kc4 69. Rb1 c2 0-1

[Event "M5"]
[Site "Koge"]
[Date "2004.??.??"]
[Round "2"]
[White "Schmidt, Tommy B"]
[Black "Nohr, Finn"]
[Result "1-0"]
[WhiteElo "2108"]
[BlackElo "1955"]
[PlyCount "89"]
[EventDate "2004.04.08"]
[EventType "swiss"]
[EventRounds "5"]
[EventCountry "DEN"]

1. d4 d5 2. c4 c6 3. Nf3 Nf6 4. Qc2 e6 5. e3 Nbd7 6. Bd3 Bd6 7. Nc3 O-O 8. O-O
h6 9. b3 b6 10. e4 dxe4 11. Nxe4 Nxe4 12. Bxe4 Bb7 13. Bb2 Qc7 14. Rfe1 Rfe8
15. Rad1 Rad8 16. Qc3 Be7 17. Bb1 Bf6 18. Ne5 c5 19. Qc2 cxd4 20. Qh7+ Kf8 21.
Nxd7+ Rxd7 22. Ba3+ Rd6 23. Be4 Ke7 24. Bxb7 Qxb7 25. Qe4 Qxe4 26. Rxe4 Kd7 27.
Bxd6 Kxd6 28. Kf1 Kc5 29. Ke2 Kb4 30. Kd3 Ka3 31. Rd2 Rc8 32. Rc2 Rc5 33. f4 h5
34. g3 g6 35. h3 a6 36. g4 Rc8 37. gxh5 gxh5 38. Ree2 a5 39. c5 Rxc5 40. Rxc5
bxc5 41. Kc4 a4 42. bxa4 Kxa4 43. Kxc5 Ka3 44. Kc4 Ka4 45. Rb2 1-0

[Event "M5"]
[Site "Koge"]
[Date "2004.??.??"]
[Round "2"]
[White "Hald, Jens Erik"]
[Black "Jorgensen, Arne Bjorn"]
[Result "1/2-1/2"]
[WhiteElo "1951"]
[BlackElo "2015"]
[PlyCount "109"]
[EventDate "2004.04.08"]
[EventType "swiss"]
[EventRounds "5"]
[EventCountry "DEN"]

1. e4 e6 2. d3 d5 3. Nd2 Nf6 4. Ngf3 c5 5. g3 Nc6 6. Bg2 g6 7. b3 Bg7 8. Bb2
O-O 9. O-O d4 10. a4 e5 11. Nc4 Bg4 12. h3 Bxf3 13. Qxf3 Qc7 14. Bc1 b6 15. Qe2
a6 16. f4 b5 17. Nxe5 Nxe5 18. fxe5 Nh5 19. Bf4 Bxe5 20. Qf3 Rad8 21. axb5 axb5
22. Ra6 f5 23. exf5 Rxf5 24. Ra8 Nxf4 25. gxf4 Bxf4 26. Rxd8+ Qxd8 27. Qc6 Qg5
28. Rf3 Be3+ 29. Kf1 Kg7 30. Rxf5 Qxf5+ 31. Qf3 Qe6 32. Qe4 Qf6+ 33. Qf3 Bf4
34. Qc6 Bg3+ 35. Qxf6+ Kxf6 36. Bc6 b4 37. Kg2 Bf4 38. Kf3 Ke5 39. Be4 Bd2 40.
Bc6 h6 41. Be8 g5 42. Bh5 Kf5 43. Bg4+ Ke5 44. Bh5 Bf4 45. Bg4 Bh2 46. Bh5 Kf5
47. Bg4+ Kg6 48. Bd7 h5 49. Be8+ Kh6 50. Bf7 Bd6 51. Be8 Be7 52. Bf7 h4 53. Be6
Kg6 54. Bg4 Kf6 55. Ke4 1/2-1/2

[Event "M5"]
[Site "Koge"]
[Date "2004.??.??"]
[Round "2"]
[White "Dongart, Dennis"]
[Black "Bogdanov, Dimitri"]
[Result "0-1"]
[WhiteElo "2118"]
[BlackElo "2057"]
[PlyCount "84"]
[EventDate "2004.04.08"]
[EventType "swiss"]
[EventRounds "5"]
[EventCountry "DEN"]

1. e4 g6 2. d4 Bg7 3. Nc3 d6 4. Be2 c6 5. h4 h5 6. Be3 b5 7. Qd2 Nd7 8. f3 Nb6
9. Nh3 Bxh3 10. Rxh3 Nc4 11. Bxc4 bxc4 12. O-O-O Rb8 13. Ne2 Qb6 14. c3 Nf6 15.
Nf4 Qa5 16. e5 Qxa2 17. Qc2 Nd5 18. Nxd5 cxd5 19. e6 Qa1+ 20. Qb1 Qxb1+ 21.
Kxb1 fxe6 22. Kc2 Kf7 23. Ra1 Rb7 24. Rhh1 Rhb8 25. Rhb1 Ra8 26. Ra5 a6 27.
Rba1 Rb6 28. g4 Rab8 29. R1a2 hxg4 30. fxg4 Rh8 31. Bf2 Bf6 32. Rxa6 Rxa6 33.
Rxa6 Bxh4 34. Be3 Bg3 35. b4 cxb3+ 36. Kxb3 e5 37. Ra7 Bf4 38. Bf2 Rh2 39. Be1
exd4 40. cxd4 Rg2 41. Kb4 Rxg4 42. Kb5 Rg1 0-1

[Event "M5"]
[Site "Koge"]
[Date "2004.??.??"]
[Round "2"]
[White "Knudsen, Joachim Holm"]
[Black "Jacobsen, Hans Endrup"]
[Result "1-0"]
[WhiteElo "1952"]
[BlackElo "1997"]
[PlyCount "85"]
[EventDate "2004.04.08"]
[EventType "swiss"]
[EventRounds "5"]
[EventCountry "DEN"]

1. d4 Nf6 2. c4 e6 3. Nc3 Bb4 4. e3 c5 5. a3 Bxc3+ 6. bxc3 O-O 7. Bd3 d6 8. e4
e5 9. d5 Ne8 10. Ne2 f5 11. exf5 Bxf5 12. Ng3 Bxd3 13. Qxd3 Nd7 14. O-O Qh4 15.
Ra2 Ndf6 16. Re2 g6 17. Ne4 Nxe4 18. Rxe4 Qe7 19. Qg3 Rf5 20. Rg4 Qf7 21. Rg5
Ng7 22. Rxf5 Nxf5 23. Qd3 Re8 24. g4 Nh4 25. f4 e4 26. Qe3 Qd7 27. Qg3 Nf3+ 28.
Kg2 Qa4 29. f5 Qc2+ 30. Kh1 Qe2 31. Qf2 Qxc4 32. Rd1 Qxc3 33. fxg6 hxg6 34. Bb2
Qb3 35. Rf1 Qxd5 36. Qe3 Qf7 37. Qc3 Qh7 38. Rf2 Nd4 39. Qc4+ Ne6 40. Rf6 Qe7
41. Rxg6+ Kh7 42. Qxe4 Nd4 43. Re6+ 1-0

[Event "M5"]
[Site "Koge"]
[Date "2004.??.??"]
[Round "3"]
[White "Jacobsen, Hans Endrup"]
[Black "Laursen, Niels Norskov"]
[Result "0-1"]
[WhiteElo "1997"]
[BlackElo "2050"]
[PlyCount "100"]
[EventDate "2004.04.08"]
[EventType "swiss"]
[EventRounds "5"]
[EventCountry "DEN"]

1. e4 c5 2. Nf3 e6 3. d4 cxd4 4. Nxd4 a6 5. Nc3 Qc7 6. Bd3 Nf6 7. O-O Bc5 8.
Nb3 Be7 9. a4 b6 10. f4 d6 11. Qe2 Nbd7 12. Bd2 Bb7 13. Rae1 O-O 14. g4 Nc5 15.
g5 Nfd7 16. Nd4 Rfe8 17. Rf3 Bf8 18. Rh3 g6 19. Qg4 Bg7 20. Nf3 d5 21. e5 Ne4
22. Qh4 Nf8 23. Bxe4 dxe4 24. Rxe4 Red8 25. Re2 b5 26. Ne4 Bxe4 27. Rxe4 Qxc2
28. Qe1 Qxb2 29. Bb4 Rac8 30. Re2 Qb3 31. Bd6 Qxa4 32. Re4 Rc4 33. Nd2 Rxe4 34.
Nxe4 Rc8 35. Bc5 Rxc5 36. Nxc5 Qxf4 37. Nd3 Qxg5+ 38. Rg3 Qf5 39. Qe2 Nd7 40.
Rf3 Qg5+ 41. Rg3 Qf5 42. Re3 h5 43. Kh1 a5 44. Rf3 Qg4 45. Qf1 Qe4 46. Kg1 Nxe5
47. Nxe5 Bxe5 48. Rxf7 Bd4+ 49. Rf2 Qe3 50. Kg2 Qxf2+ 0-1

[Event "M5"]
[Site "Koge"]
[Date "2004.??.??"]
[Round "3"]
[White "Hansen, Morten Lyck"]
[Black "Hald, Jens Erik"]
[Result "0-1"]
[WhiteElo "1988"]
[BlackElo "1951"]
[PlyCount "92"]
[EventDate "2004.04.08"]
[EventType "swiss"]
[EventRounds "5"]
[EventCountry "DEN"]

1. e4 c5 2. Nf3 Nc6 3. d4 cxd4 4. Nxd4 Nf6 5. Nc3 e5 6. Ndb5 d6 7. Bg5 a6 8.
Bxf6 gxf6 9. Na3 Be6 10. Nd5 Qa5+ 11. c3 Bxd5 12. Qxd5 Qxd5 13. exd5 Ne7 14.
Rd1 f5 15. Nc4 Ng6 16. Ne3 f4 17. Nf5 O-O-O 18. Be2 Ne7 19. Nxe7+ Bxe7 20. Bg4+
Kb8 21. Bf5 h5 22. Kd2 Rdg8 23. g3 Bg5 24. Kc2 Re8 25. Rde1 Re7 26. h4 Bh6 27.
Rhg1 Rhe8 28. Re4 Rg8 29. g4 hxg4 30. Rxg4 Rxg4 31. Bxg4 Re8 32. f3 Rf8 33. Bf5
Rg8 34. Re2 Rg3 35. Rf2 Rg1 36. Rh2 Kc7 37. a3 Rg3 38. Rh3 Rg2+ 39. Kc1 a5 40.
Be4 Kb6 41. h5 Rg5 42. Bd3 Rg3 43. Bf5 Kc5 44. b4+ axb4 45. cxb4+ Kc4 46. Be4
Rxh3 0-1

[Event "M5"]
[Site "Koge"]
[Date "2004.??.??"]
[Round "3"]
[White "Christensen, Thomas"]
[Black "Knudsen, Joachim Holm"]
[Result "1-0"]
[WhiteElo "2269"]
[BlackElo "1952"]
[PlyCount "79"]
[EventDate "2004.04.08"]
[EventType "swiss"]
[EventRounds "5"]
[EventCountry "DEN"]

1. d4 Nf6 2. Nf3 g6 3. c4 Bg7 4. Nc3 d5 5. Qb3 dxc4 6. Qxc4 O-O 7. e4 b6 8. Bf4
c6 9. Qb3 Bb7 10. Rd1 Nh5 11. Be3 Qc7 12. a4 Nd7 13. Bc4 e6 14. O-O Nhf6 15.
Rd2 a6 16. Rfd1 c5 17. d5 exd5 18. exd5 Ne5 19. Nxe5 Qxe5 20. h3 Nd7 21. Re2
Qh5 22. Ree1 Qh4 23. Bf1 Rae8 24. g3 Qb4 25. Qc2 Ne5 26. Bg2 Nc4 27. Bc1 Bc8
28. Rxe8 Rxe8 29. d6 Bd7 30. Nd5 Bxa4 31. Nxb4 Bxc2 32. Nxc2 Bxb2 33. d7 Rd8
34. Bg5 f6 35. Bd5+ Kg7 36. Bxc4 fxg5 37. Bxa6 Bf6 38. Bb5 Kf8 39. Re1 Be7 40.
Ne3 1-0

[Event "M5"]
[Site "Koge"]
[Date "2004.??.??"]
[Round "3"]
[White "Hejberg, Carsten"]
[Black "Pallesen, Jacob"]
[Result "0-1"]
[WhiteElo "1897"]
[BlackElo "1969"]
[PlyCount "80"]
[EventDate "2004.04.08"]
[EventType "swiss"]
[EventRounds "5"]
[EventCountry "DEN"]

1. d4 d5 2. c4 c6 3. Nf3 Nf6 4. Nc3 dxc4 5. a4 Bg4 6. Ne5 Bh5 7. g3 e6 8. Bg2
Nbd7 9. Nxc4 Nb6 10. Na5 Qd7 11. Qb3 Bd6 12. O-O O-O 13. Bg5 Nfd5 14. e4 Nxc3
15. bxc3 Be2 16. Rfe1 Ba6 17. Be3 Rac8 18. e5 Be7 19. c4 Qc7 20. Bd2 Rfd8 21.
Bc3 Rd7 22. Ra2 Qd8 23. Rd2 Qf8 24. Red1 Rdc7 25. f4 Qe8 26. Bb2 Qf8 27. Bc3
Qe8 28. Ra1 g6 29. h3 h5 30. Bb2 Qf8 31. Bc3 Qh6 32. Rf1 c5 33. dxc5 Bxc5+ 34.
Bd4 Qf8 35. Qe3 Bb4 36. Bc3 Bxa5 37. Bxa5 Nxc4 38. Qxa7 Nxa5 39. Bxb7 Bxf1 40.
Qxa5 Rxb7 0-1

[Event "M5"]
[Site "Koge"]
[Date "2004.??.??"]
[Round "3"]
[White "Jensen, Soren G"]
[Black "Hansen, Jesper Maul"]
[Result "0-1"]
[WhiteElo "1993"]
[BlackElo "2052"]
[PlyCount "64"]
[EventDate "2004.04.08"]
[EventType "swiss"]
[EventRounds "5"]
[EventCountry "DEN"]

1. d4 Nf6 2. c4 e6 3. Nc3 Bb4 4. Qc2 c5 5. dxc5 Na6 6. a3 Bxc3+ 7. Qxc3 Nxc5 8.
b4 Nce4 9. Qb2 d5 10. c5 h6 11. f3 Ng5 12. Bf4 O-O 13. e3 Bd7 14. Bd3 b6 15.
Rc1 bxc5 16. Rxc5 Qb6 17. h4 Ngh7 18. Ne2 Rfc8 19. Rxc8+ Rxc8 20. Kd2 Bb5 21.
Qd4 Qa6 22. Bxb5 Qxb5 23. Qxa7 Qc4 24. Rc1 Qa2+ 25. Kd1 Rxc1+ 26. Nxc1 Qxg2 27.
Qa8+ Nf8 28. Bd6 N6d7 29. Bxf8 Nxf8 30. Nd3 Qxf3+ 31. Kd2 Qg2+ 32. Kc3 d4+ 0-1

[Event "M5"]
[Site "Koge"]
[Date "2004.??.??"]
[Round "3"]
[White "Schmidt, Tommy B"]
[Black "Bogdanov, Dimitri"]
[Result "1/2-1/2"]
[WhiteElo "2108"]
[BlackElo "2057"]
[PlyCount "51"]
[EventDate "2004.04.08"]
[EventType "swiss"]
[EventRounds "5"]
[EventCountry "DEN"]

1. d4 g6 2. c4 Bg7 3. e4 d6 4. Be3 c5 5. Ne2 cxd4 6. Nxd4 Nf6 7. f3 Nc6 8. Qd2
O-O 9. Nc3 a6 10. Be2 Bd7 11. O-O Nxd4 12. Bxd4 Rc8 13. Rac1 Bc6 14. b3 Nd7 15.
Be3 a5 16. Rfd1 Nc5 17. Qe1 Qb6 18. Nd5 Bxd5 19. Rxd5 Bh6 20. Qf2 Bxe3 21. Qxe3
a4 22. Rb1 axb3 23. axb3 Qb4 24. Qd2 Qxd2 25. Rxd2 Ra8 26. Bd1 1/2-1/2

[Event "M5"]
[Site "Koge"]
[Date "2004.??.??"]
[Round "3"]
[White "Bonnez, Finn"]
[Black "Nohr, Finn"]
[Result "0-1"]
[WhiteElo "2069"]
[BlackElo "1955"]
[PlyCount "90"]
[EventDate "2004.04.08"]
[EventType "swiss"]
[EventRounds "5"]
[EventCountry "DEN"]

1. d4 Nf6 2. Nf3 d5 3. c3 Bf5 4. Nbd2 e6 5. g3 c6 6. Bg2 Nbd7 7. O-O Bd6 8. Re1
h6 9. a3 Bh7 10. b3 O-O 11. Bb2 e5 12. dxe5 Nxe5 13. c4 Re8 14. cxd5 cxd5 15.
Nxe5 Bxe5 16. Bxe5 Rxe5 17. Nf3 Re7 18. Qd4 Re4 19. Qb2 Re7 20. Nd4 a6 21. Bh3
Qb6 22. e3 Rae8 23. Rac1 Ne4 24. Bg2 Nc5 25. Bf1 Nd7 26. Qc3 Ne5 27. Qc5 Qd8
28. b4 Be4 29. b5 Rd7 30. bxa6 Bf5 31. axb7 Rxb7 32. Rc3 Be4 33. f4 Nd7 34. Qd6
Qa5 35. Rec1 Reb8 36. Rc8+ Kh7 37. Rxb8 Qd2 38. Rc2 Qxe3+ 39. Rf2 Rxb8 40. Qxd7
Rb2 41. Ne2 Rd2 42. Qh3 Rd1 43. f5 d4 44. Qh4 d3 45. Qf4 Rxf1+ 0-1

[Event "M5"]
[Site "Koge"]
[Date "2004.??.??"]
[Round "3"]
[White "Dongart, Dennis"]
[Black "Jorgensen, Arne Bjorn"]
[Result "0-1"]
[WhiteElo "2118"]
[BlackElo "2015"]
[PlyCount "92"]
[EventDate "2004.04.08"]
[EventType "swiss"]
[EventRounds "5"]
[EventCountry "DEN"]

1. e4 e6 2. d4 d5 3. exd5 exd5 4. Nf3 Nf6 5. Bd3 Bd6 6. O-O O-O 7. Bg5 Bg4 8.
Nc3 c6 9. h3 Bh5 10. g4 Bg6 11. Ne5 Nbd7 12. Nxd7 Qxd7 13. Bxf6 gxf6 14. Qf3
Rae8 15. Rae1 Kg7 16. Re2 Re7 17. Rfe1 Rfe8 18. Kf1 Bb4 19. Rxe7 Rxe7 20. Rxe7
Qxe7 21. Ne2 Bd6 22. Bf5 Bc7 23. c3 h6 24. h4 Bb8 25. Nc1 Qd6 26. Nd3 b6 27.
Nb4 a5 28. Nc2 Qh2 29. Bxg6 fxg6 30. h5 Qf4 31. Qxf4 Bxf4 32. Ke2 gxh5 33. gxh5
f5 34. Ne1 Kf6 35. Nd3 Kg5 36. b3 Bd6 37. c4 dxc4 38. bxc4 Kxh5 39. c5 bxc5 40.
dxc5 Be7 41. Ke3 Kg5 42. f4+ Kg4 43. Ne5+ Kg3 44. Kd4 h5 45. Nxc6 Bf6+ 46. Ne5
Kxf4 0-1

[Event "M5"]
[Site "Koge"]
[Date "2004.??.??"]
[Round "4"]
[White "Hansen, Jesper Maul"]
[Black "Schmidt, Tommy B"]
[Result "1-0"]
[WhiteElo "2052"]
[BlackElo "2108"]
[PlyCount "113"]
[EventDate "2004.04.08"]
[EventType "swiss"]
[EventRounds "5"]
[EventCountry "DEN"]

1. e4 c5 2. c3 Nf6 3. e5 Nd5 4. d4 cxd4 5. Qxd4 Nb6 6. Nf3 Nc6 7. Qe4 d5 8.
exd6 Qxd6 9. Bf4 Qd5 10. Bd3 Bg4 11. Nbd2 Rd8 12. Bc2 e6 13. Bc7 Bf5 14. Qxd5
Rxd5 15. Bxf5 Rxf5 16. Bxb6 axb6 17. O-O-O Bd6 18. Nc4 Bf4+ 19. Kb1 b5 20. Nd6+
Bxd6 21. Rxd6 Ke7 22. Rhd1 Rd8 23. Rxd8 Nxd8 24. Kc2 Nc6 25. Rd2 g5 26. Kd3
Ne5+ 27. Nxe5 Rxe5 28. Kc2 Re1 29. Kb3 g4 30. Kb4 Rh1 31. f3 gxf3 32. gxf3 Rf1
33. Kxb5 Rxf3 34. Kb6 e5 35. Kxb7 e4 36. a4 e3 37. Re2 f5 38. a5 f4 39. a6 Rf2
40. a7 Rxe2 41. a8=Q Rxb2+ 42. Kc7 Kf6 43. Qe4 Kg5 44. Kd6 Rf2 45. c4 e2 46. c5
Rxh2 47. c6 f3 48. c7 Rh6+ 49. Kd7 Rh1 50. c8=Q Rd1+ 51. Kc7 Rc1+ 52. Kb8 Rxc8+
53. Kxc8 h5 54. Kd7 h4 55. Ke6 h3 56. Qf5+ Kh4 57. Qf4+ 1-0

[Event "M5"]
[Site "Koge"]
[Date "2004.??.??"]
[Round "4"]
[White "Jorgensen, Arne Bjorn"]
[Black "Jacobsen, Hans Endrup"]
[Result "0-1"]
[WhiteElo "2015"]
[BlackElo "1997"]
[PlyCount "118"]
[EventDate "2004.04.08"]
[EventType "swiss"]
[EventRounds "5"]
[EventCountry "DEN"]

1. d4 Nf6 2. c4 e6 3. Nf3 Bb4+ 4. Bd2 Qe7 5. g3 Bxd2+ 6. Nbxd2 O-O 7. Bg2 d6 8.
O-O e5 9. e4 Bg4 10. Qc2 a5 11. b3 Na6 12. a3 c6 13. Rab1 Rfd8 14. b4 axb4 15.
axb4 c5 16. dxc5 dxc5 17. bxc5 Nxc5 18. Rfe1 Ra3 19. h3 Bxf3 20. Nxf3 Rdd3 21.
Nd2 Qd6 22. Nf1 Qd4 23. Rbd1 g6 24. Rxd3 Rxd3 25. Qe2 Qxc4 26. Ne3 Qd4 27. Nd5
Nxd5 28. exd5 e4 29. Bxe4 Nxe4 30. Qxe4 Qxe4 31. Rxe4 Rxd5 32. Rb4 b5 33. Kg2
Kf8 34. h4 Ke7 35. Kf3 Kd6 36. Ke3 Kc5 37. Rb1 b4 38. Ke4 f5+ 39. Ke3 Rd7 40.
Rc1+ Kb5 41. Rc8 b3 42. Rb8+ Kc4 43. f3 Kc3 44. g4 b2 45. Rc8+ Kb3 46. Rb8+ Kc2
47. Rc8+ Kd1 48. Rb8 Kc1 49. Rc8+ Kb1 50. Rb8 Rd5 51. Rb7 Kc2 52. Rc7+ Kb3 53.
Rb7+ Kc3 54. Rb8 fxg4 55. fxg4 Re5+ 56. Kf4 Re1 57. Rc8+ Kd4 58. Rd8+ Kc5 59.
Rc8+ Kd6 0-1